Los ideales y formas de la aventura en la edad media

Shranjeno v:
Bibliografske podrobnosti
Glavni avtor: Visca, Carlos (Author)
Format: Knjiga
Jezik:španščina
Izdano: Montevideo Universidad de la República. Facultad de Humanidades y Ciencias 1963
Teme:
Oznake: Označite
Brez oznak, prvi označite!

MARC

LEADER 00000nam a2200000 a 4500
001 UCX3317
003 CL-VaPUC
008 911024e19630000UY |||||||||||||||||spa|d
082 0 4 |a 305.31  |b VIS  |2 21 
100 0 |a Visca, Carlos  |e author  |9 319462 
245 1 4 |a Los ideales y formas de la aventura en la edad media 
300 |a 149 p 
942 |c BK 
945 |d 19911024 00:00:00 
260 |a Montevideo  |b Universidad de la República. Facultad de Humanidades y Ciencias  |c 1963 
650 0 |a Hombres   |9 318163 
650 0 |a Sociología histórica  |9 307548 
650 0 |a Edad Media  |x Vida intelectual  |9 319463 
583 |a last modification  |c 19911024 00:00:00  |k Rodrigo Vera 
999 |c 224113  |d 224111 
952 |0 0  |1 0  |4 0  |6 305_310000000000000_VIS_1963  |7 0  |8 A  |9 220514  |a BIBHIS  |b BIBHIS  |d 2019-11-15  |i 2892200  |o 305.31 VIS 1963  |p 2892200  |r 2025-01-20  |w 2019-11-15  |y BK  |k HIS